Library Logo

Pioneer International University Library Catalogue

I'm OK--you're OK / (Record no. 10065)

MARC details
000 -LEADER
fixed length control field 00767nam a22002537a 4500
003 - CONTROL NUMBER IDENTIFIER
control field OSt
005 - DATE AND TIME OF LATEST TRANSACTION
control field 20260415095945.0
008 - FIXED-LENGTH DATA ELEMENTS--GENERAL INFORMATION
fixed length control field 260415b |||||||| |||| 00| 0 eng d
010 ## - LIBRARY OF CONGRESS CONTROL NUMBER
LC control number 6913495
040 ## - CATALOGING SOURCE
Language of cataloging ENG
Transcribing agency AVON
050 ## - LIBRARY OF CONGRESS CALL NUMBER
Classification number BF 637.H37 1969
Item number .H37 1969
100 ## - MAIN ENTRY--PERSONAL NAME
Personal name Harris, Thomas A.,
Dates associated with a name 1910-1995.
245 ## - TITLE STATEMENT
Title I'm OK--you're OK /
Statement of responsibility, etc. Thomas A. Harris.
250 ## - EDITION STATEMENT
Edition statement FIRST EDITION.
260 ## - PUBLICATION, DISTRIBUTION, ETC.
Place of publication, distribution, etc. New York :
Name of publisher, distributor, etc. Avon Books,
Date of publication, distribution, etc. 1969
300 ## - PHYSICAL DESCRIPTION
Extent 317 pages ;
Dimensions 18cm.
504 ## - BIBLIOGRAPHY, ETC. NOTE
Bibliography, etc. note Includes bibliographical references.
650 ## - SUBJECT ADDED ENTRY--TOPICAL TERM
Topical term or geographic name entry element Transactional analysis.
650 ## - SUBJECT ADDED ENTRY--TOPICAL TERM
Topical term or geographic name entry element Interpersonal relations.
650 ## - SUBJECT ADDED ENTRY--TOPICAL TERM
Topical term or geographic name entry element Self-actualization (Psychology).
650 ## - SUBJECT ADDED ENTRY--TOPICAL TERM
Topical term or geographic name entry element Psychology, Applied.
655 ## - INDEX TERM--GENRE/FORM
Source of term lcgft
Genre/form data or focus term Self-help publications.
942 ## - ADDED ENTRY ELEMENTS (KOHA)
Source of classification or shelving scheme Library of Congress Classification
Koha item type Books
Edition 1st ed.
Suppress in OPAC No
Holdings
Withdrawn status Lost status Source of classification or shelving scheme Damaged status Not for loan Home library Current library Date acquired Total checkouts Full call number Barcode Date last seen Price effective from Koha item type
    Library of Congress Classification     PIU Library Main Library 04/15/2026   BF 637 .H37 1969 PIUDLMUR991 04/15/2026 04/15/2026 Books